000 00471cam a2200181 a 4500
020 _a0393014886
040 _cDLC
082 _a591 NOR 1982 A106 Or.
100 1 _aGould, James L.,
245 1 0 _aEthology :
_bthe mechanisms and evolution of behavior /
250 _a1st ed
260 _aNew York :
_bNorton,
_cc1982
300 _a544, 61 p. :
_bill. ;
_c25 cm
500 _aIncludes index
650 0 _aAnimal behavior
650 0 _aBehavior evolution
942 _cEK
999 _c16924
_d16924